00421 2200169 4500001002100000008004100021035002000062245004900082100002400131250000600155260003000161300001200191084001400203082000800217650001400225990001200239INLIS000000000001070 ind  a0010-0524000305 aMemakai Wordperfect 5.0cChristina Melani U. aMelani U, Christina a1 aJakarta :bGramediac1992 a210 hlm a600 CHR m a600 aNon Fiksi a0744048